Fußball-Europameisterschaft Städte 1988 - Statistiken

Allgemein
  • Dieses Quiz wurde 61 mal gespielt
  • Das Durchschnittsergebnis liegt bei 7 aus 8
Antwortstatistiken
Bildquiz Antwort % Korrekt
Hamburg
100%
Köln
100%
Frankfurt am Main
98%
München
95%
Stuttgart
92%
Düsseldorf
85%
Hannover
76%
Gelsenkirchen
63%
Keine übereinstimmenden Quizze gefunden
Verteilung der Resultate
Anzahl Personen mit jedem Resultat
Perzentil nach korrekt beantworteten Fragen
Ihre Resultats-Entwicklung
Sie haben dieses Quiz noch nicht gespielt